000 00603nam a22001697a 4500
003 UA-OsUOA
001 15084
007 ta
008 20031030b un ||||| |||| 00| 0 ukr d
942 _cSA
040 _aUA-OsUOA
_cUA-OsUOA
_dUA-OsUOA
245 _aСпасівській церкві - 360 років: [Церква Преображенського (Спаського) монастиря спорудж. 1643 р. на півдні Дубна]
300 _aС.3
955 _a0
773 0 _w0
_tСкриня
_dДубно
_d2003
_g№33/ 14 серп./
650 7 _aКраєзнавча робота
_2UDC
999 _c301249
_d301249